000 00280nam a2200121 a 4500
008 101025s1976|||| d
245 1 0 _aS piatimi diamantmi
100 1 _aLidmanová, Sara
044 _axo
_cSK
041 _aslo
260 _bPravda
_aBratislava
_c1976
020 _c26
999 _c12140
_d12140